Name WayV members - Statistics

General Stats
  • This quiz has been taken 470 times
    442 since last reset
  • The average score is 8 of 9
Answer Stats
Hint Answer % Correct
Leader Kun
99%
sounds like henry Hendery
98%
part of SUPERM Lucas
98%
dancer of WayV Ten
98%
part of NCT 127 too WinWin
97%
chinese name Xiaojun
96%
youngest member YangYang
96%
From NCT DREAM Chenle
58%
From NCT DREAM Renjun
56%
No matching quizzes found
Score Distribution
Percent of People with Each Score
Percentile by Number Answered
Your Score History
You have not taken this quiz since the last reset